S. Jorge
-д хадгалсан:
| Үндсэн зохиолч: | |
|---|---|
| Формат: | Ном |
| Хэл сонгох: | испани |
| Хэвлэсэн: |
Roma
Sociedad Editora de Arte Ilustrado
1924
|
| Цуврал: | Colección Iconográfica. Serie Arte Religioso
|
| Нөхцлүүд: | |
| Шошгууд: |
Шошго нэмэх
Шошго байхгүй, Энэхүү баримтыг шошголох эхний хүн болох!
|
MARC
| LEADER | 00000nam a2200000 a 4500 | ||
|---|---|---|---|
| 001 | UCZ2416 | ||
| 003 | CL-VaPUC | ||
| 008 | 951005e19240000IT |||||||||||||||||spa|d | ||
| 082 | 0 | 4 | |a 704.948 |b GRO |2 21 |
| 100 | |a Grosso, Orlando |e author |9 611611 | ||
| 245 | 1 | 0 | |a S. Jorge |
| 300 | |a 16 p | ||
| 942 | |c BK | ||
| 945 | |d 19951005 00:00:00 |a rbrito | ||
| 260 | |a Roma |b Sociedad Editora de Arte Ilustrado |c 1924 | ||
| 600 | 0 | 7 | |a SAN JORGE |2 CL-VaPUC |9 346174 |
| 650 | 0 | |a Arte religioso |9 330545 | |
| 650 | 0 | |a Pintura italiana |9 265293 | |
| 650 | 0 | |a Pintores italianos |9 265277 | |
| 651 | 0 | |a Italia |9 254949 | |
| 583 | |a last modification |c 19951005 00:00:00 |k Rodrigo Vera | ||
| 490 | 0 | |a Colección Iconográfica. Serie Arte Religioso | |
| 999 | |c 239020 |d 239018 | ||
| 952 | |0 0 |1 0 |4 0 |6 704_948000000000000_GRO_1924 |7 0 |8 A |9 249801 |a BIBART |b BIBART |d 2019-11-18 |i 3139530 |o 704.948 GRO 1924 |p 3139530 |r 2025-03-13 |w 2019-11-18 |y BK |k ART | ||